History of education administration / (Record no. 17014)

MARC details
000 -LEADER
fixed length control field 00692nam a22002057a 4500
008 - FIXED-LENGTH DATA ELEMENTS--GENERAL INFORMATION
fixed length control field 081020t xxu||||| |||| 00| 0 eng d
010 ## - LIBRARY OF CONGRESS CONTROL NUMBER
LC control number ENG-84047
020 ## - INTERNATIONAL STANDARD BOOK NUMBER
International Standard Book Number 8131301087
020 ## - INTERNATIONAL STANDARD BOOK NUMBER
Terms of availability 695.00 (hb)
035 ## - SYSTEM CONTROL NUMBER
System control number EN-67580
082 ## - DEWEY DECIMAL CLASSIFICATION NUMBER
Classification number 379.209 / MIS
100 ## - MAIN ENTRY--PERSONAL NAME
Personal name Mishra, R C
245 ## - TITLE STATEMENT
Title History of education administration /
Statement of responsibility, etc by R C Mishra
260 ## - PUBLICATION, DISTRIBUTION, ETC. (IMPRINT)
Place of publication, distribution, etc New Delhi
Name of publisher, distributor, etc A P H Publishing
260 ## - PUBLICATION, DISTRIBUTION, ETC. (IMPRINT)
Date of publication, distribution, etc 2007
300 ## - PHYSICAL DESCRIPTION
Extent xviii, 319p
Dimensions 22cm
500 ## - GENERAL NOTE
General note Includes index
942 ## - ADDED ENTRY ELEMENTS (KOHA)
Source of classification or shelving scheme Dewey Decimal Classification
Koha item type English Books
Classification part 379.209
Call number suffix MIS
Holdings
Withdrawn status Lost status Source of classification or shelving scheme Damaged status Not for loan Home library Current library Date acquired Cost, normal purchase price Total Checkouts Full call number Barcode Date last seen Copy number Cost, replacement price Price effective from Koha item type
    Dewey Decimal Classification   Not For Loan D.B.Act.Division D.B.Act.Division 22/02/2007 695.00   379.209 MIS EN-67580 21/10/2008 1 695.00 21/10/2008 English Books

© Delhi Public Library
Hit Counter
free hit counter